000 00442nam a22001577a 4500
005 20250904150842.0
008 250904b |||||||| |||| 00| 0 eng d
020 _a978-81-763443-4-4
041 _aeng
100 _aKUMAR, SANJAY
_98659
245 _aA TEXTBOOK OF BIOCHEMISTRY AND CLINICAL PATHOLOGY :FOR D.PHARM [2ND YEAR STUDENTS]
260 _aDELHI
_bAITBS PUBLISHERS INDIA
_c2026
300 _a340;P
650 _aPHARMACY
942 _cBK
999 _c8794
_d8792